<?xml version="1.0" encoding="UTF-8"?>
<record
    xmlns:xsi="http://www.w3.org/2001/XMLSchema-instance"
    xsi:schemaLocation="http://www.loc.gov/MARC21/slim http://www.loc.gov/standards/marcxml/schema/MARC21slim.xsd"
    xmlns="http://www.loc.gov/MARC21/slim">

  <leader>03212nam a2200313 a 4500</leader>
  <controlfield tag="003">OSt</controlfield>
  <controlfield tag="005">20251111102230.0</controlfield>
  <controlfield tag="007">cr ||||||a|c|a</controlfield>
  <controlfield tag="008">230829s2023    mx a|||fom||| 001 0 spa d</controlfield>
  <datafield tag="040" ind1=" " ind2=" ">
    <subfield code="e">rda</subfield>
  </datafield>
  <datafield tag="100" ind1="1" ind2=" ">
    <subfield code="9">187821</subfield>
    <subfield code="a">Bruno Armengolt, Karina</subfield>
  </datafield>
  <datafield tag="245" ind1="1" ind2="0">
    <subfield code="a">Bioestimulantes e inductores para el control de algunas variables de estr&#xE9;s en jitomate (Solanum lycopersicum L.) /</subfield>
    <subfield code="c">por Karina Bruno Armengolt ; director de tesis Domingo Montalvo Hern&#xE1;ndez.</subfield>
  </datafield>
  <datafield tag="264" ind1=" " ind2="1">
    <subfield code="a">Chapingo, M&#xE9;xico :</subfield>
    <subfield code="b">El autor,</subfield>
    <subfield code="c">2023.</subfield>
  </datafield>
  <datafield tag="300" ind1=" " ind2=" ">
    <subfield code="a">1 recurso en l&#xED;nea (68 p&#xE1;ginas):</subfield>
    <subfield code="b">cuadros, figuras.</subfield>
  </datafield>
  <datafield tag="336" ind1=" " ind2=" ">
    <subfield code="a">texto</subfield>
    <subfield code="b">txt</subfield>
    <subfield code="2">rdacontent</subfield>
  </datafield>
  <datafield tag="337" ind1=" " ind2=" ">
    <subfield code="a">computadora</subfield>
    <subfield code="b">c</subfield>
    <subfield code="2">rdamedia</subfield>
  </datafield>
  <datafield tag="338" ind1=" " ind2=" ">
    <subfield code="a">recurso en l&#xED;nea</subfield>
    <subfield code="b">cr</subfield>
    <subfield code="2">rdacarrier</subfield>
  </datafield>
  <datafield tag="502" ind1=" " ind2=" ">
    <subfield code="b">IAEF</subfield>
    <subfield code="c">Fitotecnia</subfield>
    <subfield code="d">2023.</subfield>
    <subfield code="g">LIC</subfield>
  </datafield>
  <datafield tag="504" ind1=" " ind2=" ">
    <subfield code="a">Incluye referencias bibliogr&#xE1;ficas: p&#xE1;ginas 43-49.</subfield>
  </datafield>
  <datafield tag="520" ind1=" " ind2=" ">
    <subfield code="a">La producci&#xF3;n de jitomate en M&#xE9;xico y en el mundo se ha visto afectada por diferentes factores de estr&#xE9;s en la planta, provocando p&#xE9;rdidas en la producci&#xF3;n. La investigaci&#xF3;n tuvo como objetivo, evaluar el efecto de la aplicaci&#xF3;n foliar de bio-estimulantes e inductores de resistencia (IR) sobre algunas variables de estr&#xE9;s bi&#xF3;tico y abi&#xF3;tico reflejadas en payaseado del fruto, la severidad de la cenicilla (Leveillula taurica) y la incidencia de Clavibacter michiganensis subsp. michiganensis (Cmm) en jitomate (Solanum lycopersicum L.). La parcela experimental se ubic&#xF3; en invernadero perteneciente a la Universidad Aut&#xF3;noma Chapingo. Se evaluaron cuatro IR, integrados en siete tratamientos (T) en tres aplicaciones con intervalo de siete d&#xED;as, a partir de los 132 d&#xED;as despu&#xE9;s del trasplante. Se calcul&#xF3; el porcentaje promedio de frutos payaseados (PFP) por calibre, con los datos se hicieron an&#xE1;lisis de varianza y pruebas de medias. La severidad de la cenicilla, se evalu&#xF3; mediante una escala de calificaci&#xF3;n inicial y otra final, y se aplic&#xF3; la prueba de Kruskal-Wallis. En cuanto a la incidencia de Cmm, se contabiliz&#xF3; el n&#xFA;mero promedio de plantas muertas (NPM) por unidad experimental correspondientes a cada tratamiento durante el periodo que comprendi&#xF3; desde el inici&#xF3; de aplicaciones y a los 15 d&#xED;as despu&#xE9;s de la &#xFA;ltima aplicaci&#xF3;n. No hubo diferencia significativa entre los tratamientos sobre el PFP, pero en el cuarto corte el T3 (Defense gr + Supa silica) dio una disminuci&#xF3;n del 10 % de PFP respecto al T1 (control). El T2 (Defense gr + Barrier) tuvo menor rango medio de severidad (25.3), mientras el control tuvo 59.5. Los tratamientos con menor NPM por Cmm fueron: el T6 (Actigard + Supa silica), el T7 (Actigard + Supa activ 600) y el T2 (Defense gr + Barrier) con 0.75, 1 y 1.25, respectivamente, mientras el control tuvo 6.75.</subfield>
  </datafield>
  <datafield tag="650" ind1=" " ind2="4">
    <subfield code="9">113735</subfield>
    <subfield code="a">Tomate</subfield>
    <subfield code="x">Maduraci&#xF3;n</subfield>
  </datafield>
  <datafield tag="650" ind1=" " ind2="4">
    <subfield code="9">125370</subfield>
    <subfield code="a">Plantas</subfield>
    <subfield code="x">Efectos del estr&#xE9;s</subfield>
  </datafield>
  <datafield tag="650" ind1=" " ind2="4">
    <subfield code="9">156719</subfield>
    <subfield code="a">Estr&#xE9;s abiotico  </subfield>
  </datafield>
  <datafield tag="650" ind1=" " ind2="4">
    <subfield code="9">131429</subfield>
    <subfield code="a">Reguladores de crecimiento de las plantas</subfield>
    <subfield code="x">An&#xE1;lisis</subfield>
  </datafield>
  <datafield tag="650" ind1=" " ind2="4">
    <subfield code="9">108527</subfield>
    <subfield code="a">Soluciones nutritivas</subfield>
  </datafield>
  <datafield tag="700" ind1="1" ind2=" ">
    <subfield code="9">77714</subfield>
    <subfield code="a">Montalvo Hern&#xE1;ndez, Domingo</subfield>
    <subfield code="e">director.</subfield>
  </datafield>
  <datafield tag="856" ind1=" " ind2=" ">
    <subfield code="u">http://10.13.5.2/tesis/tl/TL_1610279-5_Bruno-Armengolt_Karina.pdf</subfield>
    <subfield code="z">DESCARGAR PDF</subfield>
  </datafield>
  <datafield tag="942" ind1=" " ind2=" ">
    <subfield code="2">Clasificaci&#xF3;n Universidad Aut&#xF3;noma Chapingo</subfield>
    <subfield code="c">TD</subfield>
  </datafield>
  <datafield tag="999" ind1=" " ind2=" ">
    <subfield code="c">219127</subfield>
    <subfield code="d">219127</subfield>
  </datafield>
  <datafield tag="952" ind1=" " ind2=" ">
    <subfield code="0">0</subfield>
    <subfield code="1">0</subfield>
    <subfield code="2">local</subfield>
    <subfield code="4">0</subfield>
    <subfield code="5">1</subfield>
    <subfield code="7">0</subfield>
    <subfield code="8">TesDigL</subfield>
    <subfield code="a">BD</subfield>
    <subfield code="b">BD</subfield>
    <subfield code="c">E_L</subfield>
    <subfield code="d">2023-08-29</subfield>
    <subfield code="l">0</subfield>
    <subfield code="o">Tesis digital</subfield>
    <subfield code="r">2023-08-29 00:00:00</subfield>
    <subfield code="w">2023-08-29</subfield>
    <subfield code="y">TD</subfield>
  </datafield>
</record>
